Loading...
Theory and problems of set theory and related topics /
| Hovedforfatter: | |
|---|---|
| Sprog: | Undetermined |
| Udgivet: |
1964.
|
| Serier: | Schaum's Outline Series
|
| Fag: |
| LEADER | 00500nam a2200157Ia 4500 | ||
|---|---|---|---|
| 001 | 13416 | ||
| 008 | 170722s9999 xx 000 0 und d | ||
| 100 | |a Lipschutz, Seymour | ||
| 245 | |a Theory and problems of set theory and related topics / | ||
| 260 | |c 1964. | ||
| 490 | |a Schaum's Outline Series | ||
| 653 | |a Group Theory | ||
| 653 | |a Mathematics | ||
| 942 | |c GEN | ||
| 999 | |c 63885 |d 63885 | ||
| 952 | |0 0 |1 0 |4 0 |6 B_27_000000000000000_K42 |7 0 |9 90797 |a LIB |b LIB |d 2013-03-25 |o B27 K4;2 |p 100575 |r 2018-07-20 |w 2017-08-12 |y GEN | ||